00374nam a2200145Ia 4500008004100000020001500041041001200056082001600068100001400084245006900098260002500167300000800192650000800200700002000208221030s9999 xx 000 0 und d a8120310187 aEnglish a105.23bWil aJ. Wilson 0aOptoelectronics - An Introductioncby J. Wilson, J. F. B. Hawkes bPHIaNew Delhic1999 a470 aECE aJ. F. B. Hawkes